000
00295nam a22001337a 4500
008
170502b xxu||||| |||| 00| 0 eng d
020
_a
9780199578726
041
_a
eng
080
_a
347
100
_a
13
101
_a
SHJ
245
_a
INTERNATIONAL HUMAN RIGHT
_c
ALSTON.P
942
_2
udc
_c
BK
999
_c
12449
_d
12449